| 000 | 01016nam a2200313Ia 4500 | ||
|---|---|---|---|
| 001 | dia_1997 | ||
| 003 | CHAP | ||
| 005 | 20230313120846.0 | ||
| 008 | 220117s1978 xx 000 0 und d | ||
| 010 | _a172534 | ||
| 040 | _cCHAP | ||
| 082 | _a634.3 S24 1978 | ||
| 100 |
_aSafina, Giuseppe _9152025 |
||
| 245 |
_aLos derivados de los cítricos / _c Giuseppe Safina ; traducción Luis Haro Guzmán |
||
| 260 |
_aMéxico : _b Fideicomiso del Limón en Nacional Financiera, _c1978 |
||
| 300 | _a118 p. | ||
| 500 | _aTítulo original: I derivati agrumari \ Son material fotocopiado | ||
| 504 | _aBibliografía: p. 112 | ||
| 590 | _aTP374.C5 S24 1978 | ||
| 650 |
_aCitrus fruits _9152026 |
||
| 650 |
_aFruit products _9152027 |
||
| 650 |
_aFrutos cítricos _9152028 |
||
| 650 |
_aProductos frutales _9152029 |
||
| 700 |
_aHaro Guzmán, Luis, tr. _9152030 |
||
| 901 | _a634.3 S24 1978 | ||
| 902 | _aM | ||
| 905 | _a5232271978 mx A 8122223322spa16 | ||
| 942 |
_cLIBRO _2ddc |
||
| 999 |
_c172534 _d172534 |
||